000 00564nam a2200241Ia 4500
003 OSt
005 20220912153046.0
006 a|||||r|||| 00| 0
007 ta
008 220909b |||||||| |||| 00| 0 eng d
024 _a23111
037 _cTextual
040 _aCSL
_beng
_cCSL
041 _aeng
082 _aY:1.41, M1
100 _aBodde D
245 0 _aEsays on Chinese civilization
260 _c1981
300 _ap.
_ccm.
500 _aBibliography 427-38p
942 _hY:1.41, M1
_cTEXL
_2CC
999 _c97434
_d97434